Sedem sŕdc novely

Bibliographic Details
Main Author: Hronský, Jozef Cíger, 1896-1960 (Author)
Format: Book
Language:Slovak
PhysicalDescription:252 s. 18 cm
Published: V Turčianskom Sv. Martine Matica slovenská 1941
Series:Hronský, Jozef Cíger, 1896-1960 Sobrané spisy
Subjects:

MARC

LEADER 00000cam a2200000 a 4500
001 vtls008374623
003 SK-MaSNL
005 20260302004024.0
008 250313s1941 xo g 000 f slo
015 |a SNBA19391941-000526 
020 |q (viaz.) 
035 |a SK01SNKBKSD120010066840 
035 |a urn:nbn:sk:snk-am3i0h4 
035 |a B48794D1-D6BF-4BEE-8B11-53877559F3FA 
035 |a urn:nbn:sk:snk-am00dfgs 
035 |a SKM000069303 
040 |a SNK  |b slo  |c SNK  |e AACR2 
041 0 |a slo 
044 |a xo  |c SK 
072 7 |a 821.162.4-3  |x Slovenská próza  |2 konspekt 
080 |a 821.162.4-32  |2 2001 
100 1 |a Hronský, Jozef Cíger,  |d 1896-1960  |4 aut  |9 89812 
245 1 0 |a Sedem sŕdc  |b novely  |c J.C. Hronský 
260 |a V Turčianskom Sv. Martine  |b Matica slovenská  |c 1941  |e V Turčianskom Sv. Martine  |f Nová kníhtlačiareň 
300 |a 252 s.  |c 18 cm 
490 1 |a Sobrané spisy J. C. Hronského  |v sv. 7 
655 7 |a slovenské novely  |2 SNKPH  |9 70570 
740 0 2 |a Tereza 
740 0 2 |a Matilda 
740 0 2 |a Marta 
740 0 2 |a Eleonóra 
740 0 2 |a Paula 
740 0 2 |a Tóna 
740 0 2 |a Cia 
752 |a Slovensko  |d Martin 
800 1 |a Hronský, Jozef Cíger,  |d 1896-1960  |t Sobrané spisy  |9 347190 
852 |a Slovenská národná knižnica 
954 |a beletria pôvodná (slovenská)  |2 lita 
958 |a RK 
958 |a LX 
958 |a OND 
999 |c 994251  |d 996181 
952 |a SNK  |b SNK  |y VYP  |7 0  |p 17A0402690  |o snkSD 4350/7 D1  |i snkXI. 945/55  |8 5  |0 0  |1 0  |4 0  |d 2007-04-04  |l 0  |r 2026-02-24 11:59:19  |w 2026-02-24 
952 |a SNK  |b SNK  |y VYP  |7 0  |p 17A0379288  |o snkSD 4350/7 D2  |i snkF 5683/62  |8 5  |0 0  |1 0  |4 0  |d 2007-04-04  |l 0  |r 2026-02-24 11:59:19  |w 2026-02-24 
952 |a SNK  |b SNK  |y VYP  |7 0  |p 17A0542933  |o snkSD 4350/7 D3  |i snkD 553/63  |8 1  |0 0  |1 0  |4 0  |d 2007-04-04  |l 0  |r 2026-02-24 11:59:19  |w 2026-02-24 
952 |a SNK  |b SNK  |y PREZ  |7 0  |p 17A0495415  |o snkSD 4350/7  |i snk3421/44  |0 0  |1 0  |4 0  |d 2006-01-25  |f 1  |l 0  |r 2025-11-10 00:00:00  |w 2026-02-24